01207nam a2200181Ia 4500001001100000003001000011008004100021040002500062041001300087100003400100245012000134250001100254260008600265500026200351501011400613520026200727650003600989L208-27097IT-CnALBA170116s9999||||xx |||||||||||||| ||und|| aIT-CnALBAcIT-CnALBA aITALIANO aGIOVANNI XXIII, PAPA RONCALLI 0aLETTURE PATRISTICHE. VOL. III. SCHEDE PER LA CELEBRAZIONE DELLA PAROLA. MEDITAZIONE PERSONALE. PREPARAZIONE DELL'O  a1a ed. a ROMA, PADOVAbCAL, EMP COEDITORI c1970 [1° Ed.:1970 - Ed.Ling.Originale: 1970] aDALLE TENEBRE ALLA LUCE. PREFAZIO MOZARABICO. BELLEZZA DEL TEMPIO DI DIO. MAGNO L. AMORE E GENEROSITÀ. DESERTO. ISACCO DELLA STELLA. REMISSIONE DEI PECCATI. PENITENZA NEL NUOVO TESTAMENTO. PAOLO VI. RITORNO A DIO. BEVILACQUA G. MISTERO DEL PANE. MAZZOLARI aSocietà San Paolo EM - Piazza San Paolo, 14 - 12051 ALBA (CN) (non commercial uses only) ® Copyright 2017 aDALLE TENEBRE ALLA LUCE. PREFAZIO MOZARABICO. BELLEZZA DEL TEMPIO DI DIO. MAGNO L. AMORE E GENEROSITÀ. DESERTO. ISACCO DELLA STELLA. REMISSIONE DEI PECCATI. PENITENZA NEL NUOVO TESTAMENTO. PAOLO VI. RITORNO A DIO. BEVILACQUA G. MISTERO DEL PANE. MAZZOLARI aPADRI E SCRITTORI ECCLESIASTICI